• 首页
  • 本馆介绍
  • 公告通知
  • 最新文献
  • 馆藏检索
  • 电子资源
  • 读者荐购
  • 参考咨询
  • CALIS
  • 我的图书馆
  • 登录
  • 详细信息显示
  • 放入我的书架
  • 预约/预借图书
  • 作者相关作品
  • 分类相关作品
  • 丛书相关作品
  • 出版社相关作品

书目信息

  • 表格格式
  • 工作单格式
  • 卡片格式
题名:
2005全国一、二级注册结构工程师执业资格考试
    
 
作者: 赵赤云 主编
分册:  
出版信息: 北京   中国电力出版社  2005.06
页数: 12, 444页
开本: 26cm
丛书名: 考前30天冲刺
单 册:
中图分类: TU3
科图分类:
主题词: 建筑结构--jian zhu jie gou--考核--自学参考资料
电子资源:
ISBN: 7-5083-3319-5
 
 
 
 
 
000 00966nam 2200253 450
001 012006200993
005 20060308140249.17
010    @a7-5083-3319-5@dCNY50.00
100    @a20060308d2005 km y0chiy0120 ea
101 0  @achi
102    @aCN@b110000
105    @aa z 000yy
200 1  @a2005全国一、二级注册结构工程师执业资格考试@A2005 quan guo yi、er ji zhu ce jie gou gong cheng shi zhi ye zi ge kao shi@e专业考试@f赵赤云主编@Fzhao chi yun zhu bian
210    @a北京@c中国电力出版社@d2005.06
215    @a12, 444页@c图@d26cm
225 2  @a考前30天冲刺@Akao qian 30 tian chong ci
330    @a全书分6部分。内容有:钢筋混凝土结构、钢结构、地基与基础、高层建筑结构、高耸结构与横向作用和桥梁结构等。
410  0 @12001 @a考前30天冲刺
517 1  @a专业考试@Azhuan ye kao shi
606 0  @a建筑结构@Ajian zhu jie gou@x考核@x自学参考资料
690    @aTU3@v4
701  0 @a赵赤云@Azhao chi yun@4主编
801  0 @aCN@bQSSK@c20060308
905    @a10447@dTU3@eZ298
    
    2005全国一、二级注册结构工程师执业资格考试:专业考试/赵赤云主编.-北京:中国电力出版社,2005.06
    12, 444页:图;26cm.-(考前30天冲刺)
    
    
    ISBN 7-5083-3319-5:CNY50.00
    全书分6部分。内容有:钢筋混凝土结构、钢结构、地基与基础、高层建筑结构、高耸结构与横向作用和桥梁结构等。
●
相关链接 在E读中查询图书 在当当中查询图书 在豆瓣中查询图书


正题名:2005全国一、二级注册结构工程师执业资格考     索取号:TU3/Z298         预约/预借

序号 登录号 条形码 馆藏地/架位号 状态 备注
1 555193   205551936   建筑库101/ [索取号:TU3/Z298] 在馆    
2 555194   205551945   建筑库101/101建筑库 75排2列4层/ [索取号:TU3/Z298] 在馆    
河南城建学院图书馆 欢迎您!
大连网信软件有限公司© 版权所有